El infamador /
Guardado en:
| Autor Principal: | |
|---|---|
| Formato: | Libro |
| Publicado: |
Argentina :
Espasa Calpe,
1949
|
| Edición: | 2a. ed. |
| Materias: | |
| Etiquetas: |
Agregar Etiqueta
Sin Etiquetas, Sea el primero en etiquetar este registro!
|
| LEADER | 00612nam a22002055a 4500 | ||
|---|---|---|---|
| 001 | CEM.cems001874 | ||
| 005 | 20060214000000.0 | ||
| 008 | 130507s1949##################000#0#####d | ||
| 003 | CEMS | ||
| 082 | 0 | 4 | |a 862.3 |
| 100 | 1 | |a Cueva, Juan de la | |
| 245 | 1 | 0 | |a El infamador / |c Los Siete Infantes de Lara / |
| 250 | |a 2a. ed. | ||
| 260 | |a Argentina : |b Espasa Calpe, |c 1949 | ||
| 300 | |a 164 p. | ||
| 653 | |a Literatura | ||
| 653 | |a Teatro | ||
| 653 | |a Teatro español-siglo de oro | ||
| 859 | |a CEMS |b BIB. CEMS - 11 de abril |h 862.3 |i C894a2 |p 4510.75 |t Ej.1 | ||
| 859 | |a CEMS |b BIB. CEMS - 11 de abril |h 862.3 |i C894a2 |p 4511.75 |t Ej.2 | ||
